01475nam a2200385 i 450000100060000000300080000600500170001400600190003100700150005000800410006502000280010603500210013404000310015505000220018608000180020808200190022610000290024524500710027426400430034530000580038833600310044633700330047733800430051049000400055350400290059358800830062259001620070565000270086765000290089465500270092379700180095083000410096885600630100999900170107233624FINmELB20241216220834.0m o d | cr cnu||||||||171027s2013 sp a ob 000 0 spa d a9788436829228q(e-book) a(OCoLC)935744090 aFINmELBbspaerdacFINmELB 4aLB1065bG215 2013 a159.952-053.20 a155.4137332231 aGarcía Sevilla, Julia.10aCómo mejorar la atención del niño /cJulia García Sevilla. 1aMadrid :bEdiciones Pirámide,c2013. a1 recurso en línea (212 páginas) :bilustraciones atextobtxt2rdacontent/spa acomputadorabc2rdamedia/spa arecurso en líneabcr2rdacarrier/spa1 aOjos solares. Sección Tratamiento aContiene bibliografía. aDescripción basada en metadatos suministrados por el editor y otras fuentes. aRecurso electrónico. Santa Fe, Arg.: elibro, 2020. Disponible vía World Wide Web. El acceso puede estar limitado para las bibliotecas afiliadas a elibro. 0aAttention in children. 4aPsicología del niño. 4aLibros electrónicos.2 aelibro, Corp. 0aOjos solares. Sección Tratamiento.40uhttps://elibro.net/ereader/politecnicointernacional/114704 c33624d33624